The Quantum of Damages in Bodily and Fatal Injury Cases / (Record no. 433)

MARC details
000 -LEADER
fixed length control field 00566nam a22001697a 4500
005 - DATE AND TIME OF INPUT
control field 20231108123607.0
008 - DATA ELEMENTS--GENERAL INFORMATION
fixed length control field 231108b |||||||| |||| 00| 0 eng d
020 ## - INTERNATIONAL STANDARD BOOK NUMBER
International Standard Book Number 0702116041
041 ## - LANGUAGE CODE
Language code of text English
082 ## - SHELF NUMBER
DDC number 346.3 COR
100 ## - MAIN AUTHOR
Main author's name Corbett, MM and Buchanan, JL
Language of a work English
245 ## - TITLE STATEMENT
Title The Quantum of Damages in Bodily and Fatal Injury Cases /
Statement of responsibility, etc. MM Corbett and JL Buchanan
260 ## - PUBLICATION, DISTRIBUTION, ETC.
Place of publication, distribution, etc. Cape Town :
Name of publisher, distributor, etc. Juta and Company Ltd,
Date of publication, distribution, etc. 1985
300 ## - PHYSICAL DESCRIPTION
Other physical details xxiii, 141 pages ;
Dimensions 27 cm.
650 ## - SUBJECT`
Broad subject Legal practice
Own subject terms Law
942 ## - ADDED ENTRY ELEMENTS (KOHA)
Item type Books
942 ## - ADDED ENTRY ELEMENTS (KOHA)
-- ALISON_BN_VRIES
Holdings
Source of classification or shelving scheme Not for loan Collection code Home library Current library Shelving location Date acquired Full call number Barcode Price effective from Koha item type
Dewey Decimal Classification   TEXT BOOKS LAW SOCIETY OF NAMIBIA LIBRARY - WINDHOEK LAW SOCIETY OF NAMIBIA LIBRARY - WINDHOEK Damage law 11/08/2023 346.3 COR LSN/1990/6 11/08/2023 Books